[Event "Mecklenburg VP LL2 Ost 1516"]
[Site "Mecklenburg VP"]
[Date "2016.04.10"]
[Round "8.2"]
[White "Schwahn, Christian"]
[Black "Leisner, Ekkehardt"]
[Result "1/2-1/2"]
[WhiteElo "1963"]
[BlackElo "1679"]
[PlyCount "192"]
[EventDate "2015.09.20"]
[EventType "team-tourn"]
[EventRounds "9"]
[EventCountry "GER"]
[SourceTitle "EXT 2022"]
[Source "ChessBase"]
[SourceDate "2021.10.06"]
[SourceVersion "1"]
[SourceVersionDate "2021.10.06"]
[SourceQuality "1"]
[WhiteTeam "Greifswald II"]
[BlackTeam "Neubrandenburg SG Eintracht II"]
[WhiteTeamCountry "GER"]
[BlackTeamCountry "GER"]

1. d4 d5 2. c4 e6 3. Nc3 Nf6 4. Nf3 Be7 5. Bg5 Nbd7 6. e3 0-0 7. Bd3 c6 8. 0-0 a6 9. Rc1 dxc4 10. Bxc4 b5 11. Bd3 Bb7 12. Ne5 Nxe5 13. dxe5 Nd5 14. Bxe7 Qxe7 15. Ne4 Rfd8 16. Qh5 g6 17. Qh6 f6 18. f4 f5 19. Nc5 Nxe3 20. Rfe1 Nd5 21. Be2 Re8 22. Bf3 Rac8 23. Red1 a5 24. Qg5 Qxg5 25. fxg5 Ba8 26. Nxe6 Kf7 27. Bxd5 cxd5 28. Rxc8 Rxc8 29. Nd4 b4 30. Kf2 Rc4 31. Ke3 Ke7 32. h4 a4 33. h5 a3 34. bxa3 bxa3 35. hxg6 hxg6 36. Rd3 Ra4 37. Rc3 Kd7 38. g3 Bb7 39. e6+ Kd6 40. Rb3 Bc8 41. Rb6+ Ke7 42. Nc6+ Kxe6 43. Na7+ Kd7 44. Rxg6 Re4+ 45. Kf3 Bb7 46. Rg7+ Re7 47. Rxe7+ Kxe7 48. Nb5 Bc6 49. Nd4 Bd7 50. Kf4 Kf7 51. Nxf5 Ke6 52. g4 Bc8 53. Nd4+ Kf7 54. Nf3 Be6 55. Nd4 Bc8 56. Nb5 Be6 57. Nc7 Ke7 58. g6 Bg8 59. Nb5 Kf6 60. Nxa3 d4 61. Nb5 Bxa2 62. Nxd4 Kxg6 63. Nc6 Kf6 64. g5+ Kg7 65. Ne7 Kf7 66. Nf5 Kg6 67. Nh4+ Kg7 68. Kg4 Bb3 69. Ng2 Be6+ 70. Kh4 Bf7 71. Nf4 Ba2 72. Kg4 Bb3 73. Nh5+ Kg6 74. Nf6 Bd1+ 75. Kf4 Bb3 76. Ng4 Ba2 77. Ne5+ Kg7 78. Kf5 Bb1+ 79. Ke6 Bc2 80. Kd5 Bb1 81. Nf3 Kg6 82. Ke5 Ba2 83. Kf4 Kg7 84. Nd2 Bd5 85. Nf1 Ba2 86. Ne3 Kg6 87. Ng2 Kg7 88. Nh4 Bb3 89. Kg4 Bd1+ 90. Kf5 Bc2+ 91. Kf4 Bb1 92. Nf5+ Kg6 93. Nd4 Kg7 94. Nc6 Kg6 95. Ne7+ Kf7 96. Nc8 Kg6 1/2-1/2

[Event "Mecklenburg VP LL2 Ost 1516"]
[Site "Mecklenburg VP"]
[Date "2016.03.13"]
[Round "7.2"]
[White "Patzenhauer, Max"]
[Black "Schwahn, Christian"]
[Result "0-1"]
[WhiteElo "1919"]
[BlackElo "1963"]
[PlyCount "94"]
[EventDate "2015.09.20"]
[EventType "team-tourn"]
[EventRounds "9"]
[EventCountry "GER"]
[SourceTitle "EXT 2022"]
[Source "ChessBase"]
[SourceDate "2021.10.06"]
[SourceVersion "1"]
[SourceVersionDate "2021.10.06"]
[SourceQuality "1"]
[WhiteTeam "Wolgast Motor"]
[BlackTeam "Greifswald II"]
[WhiteTeamCountry "GER"]
[BlackTeamCountry "GER"]

1. d4 Nf6 2. Nf3 e6 3. Bf4 b6 4. e3 Bb7 5. Nbd2 Be7 6. Bd3 d5 7. c3 0-0 8. 0-0 Nbd7 9. Ne5 Nxe5 10. Bxe5 g6 11. Qf3 Nd7 12. Bg3 f5 13. Qe2 a5 14. f3 Rf7 15. e4 f4 16. Bf2 Nf8 17. Rfe1 g5 18. Rac1 h5 19. h3 c6 20. e5 Rg7 21. Nf1 Ra7 22. Nh2 b5 23. Qc2 Bc8 24. Re2 Bd7 25. Kf1 Be8 26. Ke1 Bg6 27. Bxg6 Nxg6 28. Qd3 Bf8 29. Bg1 Ne7 30. Bf2 Nf5 31. Rcc2 Qe8 32. Qd2 Be7 33. Nf1 Qb8 34. Qc1 Bd8 35. Qd2 Raf7 36. Qc1 Rg6 37. Qd2 Be7 38. Qc1 Qf8 39. Nh2 c5 40. a3 c4 41. Nf1 g4 42. fxg4 hxg4 43. hxg4 Rxg4 44. Bg1 Ng3 45. Nxg3 fxg3 46. Qe3 Rf1+ 47. Kd2 Bg5 0-1

[Event "GER CupT prel1"]
[Site "Oranienburg"]
[Date "2016.01.23"]
[Round "1.4"]
[White "Schwahn, Christian"]
[Black "Noetzel, Felix"]
[Result "0-1"]
[WhiteElo "1975"]
[BlackElo "2077"]
[PlyCount "60"]
[EventDate "2016.01.23"]
[EventType "team-k.o."]
[EventRounds "2"]
[EventCountry "GER"]
[SourceTitle "EXT 2017"]
[Source "ChessBase"]
[SourceDate "2016.10.25"]
[SourceVersion "1"]
[SourceVersionDate "2016.10.25"]
[SourceQuality "1"]
[WhiteTeam "Greifswald"]
[BlackTeam "Berlin SF"]
[WhiteTeamCountry "GER"]
[BlackTeamCountry "GER"]

1. e4 d5 2. exd5 Qxd5 3. Nc3 Qa5 4. d4 c6 5. Nf3 Nf6 6. Bd2 Bf5 7. Bc4 e6 8. Nd5 Qd8 9. Nxf6+ Qxf6 10. Ne5 Nd7 11. Nxd7 Kxd7 12. 0-0 Bd6 13. Bc3 Qh6 14. g3 Qg6 15. Qd2 Rad8 16. Rac1 Kc8 17. Qe3 h5 18. Rfd1 h4 19. Ba5 hxg3 20. fxg3 Rde8 21. Rd2 Rh5 22. Rf2 Reh8 23. Be1 Bxg3 24. Rg2 Bxh2+ 25. Kf2 Qf6 26. Ke2 Bd6 27. Bf2 Bh3 28. Rcg1 Bxg2 29. Rxg2 Rh3 30. Qe4 Rh2 0-1

[Event "Mecklenburg VP LL2 Ost 1516"]
[Site "Mecklenburg VP"]
[Date "2015.10.11"]
[Round "2.2"]
[White "Schwahn, Christian"]
[Black "Windjaeger, Gerd"]
[Result "1-0"]
[WhiteElo "1963"]
[BlackElo "1939"]
[PlyCount "83"]
[EventDate "2015.09.20"]
[EventType "team-tourn"]
[EventRounds "9"]
[EventCountry "GER"]
[SourceTitle "EXT 2022"]
[Source "ChessBase"]
[SourceDate "2021.10.06"]
[SourceVersion "1"]
[SourceVersionDate "2021.10.06"]
[SourceQuality "1"]
[WhiteTeam "Greifswald II"]
[BlackTeam "Gryps SV"]
[WhiteTeamCountry "GER"]
[BlackTeamCountry "GER"]

1. e4 e6 2. d3 d5 3. Nd2 Nf6 4. Ngf3 b6 5. e5 Nfd7 6. g3 c5 7. Bg2 Nc6 8. 0-0 Ndxe5 9. Nxe5 Nxe5 10. Re1 Nd7 11. Bxd5 Rb8 12. Bg2 Nf6 13. Ne4 Nxe4 14. Bxe4 Bb7 15. Qh5 Qd7 16. Bf4 Bd6 17. Bxd6 Qxd6 18. Rad1 Bxe4 19. dxe4 Qc7 20. e5 0-0 21. Rd6 Rfd8 22. Red1 Rxd6 23. exd6 Qc6 24. Qe5 Rd8 25. h4 Qd7 26. Qe4 f6 27. f4 Re8 28. Kf2 e5 29. f5 Kf8 30. g4 Rc8 31. Qd5 Re8 32. h5 Qf7 33. d7 Rd8 34. Qd6+ Qe7 35. Qc7 e4 36. Ke3 Kg8 37. Rd5 g6 38. hxg6 hxg6 39. fxg6 Qf8 40. Kxe4 Qe7+ 41. Kf5 Kg7 42. Qh2 1-0

[Event "Mecklenburg VP LL2 Ost 1415"]
[Site "Mecklenburg VP"]
[Date "2014.11.23"]
[Round "3.3"]
[White "Schreiner, Wolfgang"]
[Black "Schwahn, Christian"]
[Result "1-0"]
[WhiteElo "1830"]
[BlackElo "1947"]
[PlyCount "103"]
[EventDate "2014.09.21"]
[EventType "team-tourn"]
[EventRounds "9"]
[EventCountry "GER"]
[SourceTitle "EXT 2022"]
[Source "ChessBase"]
[SourceDate "2021.10.06"]
[SourceVersion "1"]
[SourceVersionDate "2021.10.06"]
[SourceQuality "1"]
[WhiteTeam "Waren ESV"]
[BlackTeam "Greifswald II"]
[WhiteTeamCountry "GER"]
[BlackTeamCountry "GER"]

1. e4 c5 2. Nf3 d6 3. Bb5+ Nd7 4. 0-0 a6 5. Bxd7+ Bxd7 6. d4 cxd4 7. Qxd4 Nf6 8. e5 dxe5 9. Qxe5 Bg4 10. Nd4 e6 11. Bf4 Rc8 12. c3 Nd5 13. Bg3 Qb6 14. b3 f6 15. Qe4 f5 16. Qe5 Kf7 17. h3 Rc5 18. b4 Nxc3 19. bxc5 Bxc5 20. Qxe6+ Qxe6 21. Nxe6 Ne2+ 22. Kh2 Nxg3 23. fxg3 Kxe6 24. hxg4 Bd4 25. gxf5+ Kf6 26. Nd2 Bxa1 27. Rxa1 Rd8 28. Ne4+ Kxf5 29. Nc5 Rd5 30. Nxb7 Kg4 31. Rc1 Rh5+ 32. Kg1 Kxg3 33. Rc5 Rh6 34. Rg5+ Kf4 35. Rxg7 Rb6 36. a4 h5 37. a5 Rb5 38. Kh2 h4 39. Kh3 Rb1 40. Kh2 Rb3 41. Rf7+ Kg4 42. Rc7 Rb2 43. Rc4+ Kg5 44. Nc5 Rb5 45. Nxa6 Rxa5 46. Rc5+ Rxc5 47. Nxc5 Kg4 48. Ne4 Kf4 49. Nf2 Ke3 50. Ng4+ Kf4 51. Kh3 Kg5 52. Nh2 1-0

[Event "Oberliga Nord O 1213"]
[Site "Germany"]
[Date "2013.01.13"]
[Round "5.7"]
[White "Schwahn, Christian"]
[Black "Guth, Thomas"]
[Result "0-1"]
[WhiteElo "1996"]
[BlackElo "2273"]
[PlyCount "58"]
[EventDate "2012.10.17"]
[EventType "team-tourn"]
[EventRounds "9"]
[EventCountry "GER"]
[SourceTitle "EXT 2015"]
[Source "ChessBase"]
[SourceDate "2014.11.20"]
[SourceVersion "1"]
[SourceVersionDate "2014.11.20"]
[SourceQuality "1"]
[WhiteTeam "Greifswald"]
[BlackTeam "Pankow Rotation"]
[WhiteTeamCountry "GER"]
[BlackTeamCountry "GER"]

1. e4 e6 2. d4 d5 3. Nc3 Bb4 4. Bd2 Nf6 5. e5 Nfd7 6. Qg4 Kf8 7. a3 Bxc3 8. bxc3 c5 9. Nf3 b6 10. Qf4 Ba6 11. c4 Kg8 12. cxd5 exd5 13. c4 Nf8 14. Ng5 Qd7 15. cxd5 Bxf1 16. Kxf1 h6 17. Nf3 Qxd5 18. dxc5 Ne6 19. Qa4 Nxc5 20. Qc2 Nc6 21. Bb4 Rd8 22. Bxc5 bxc5 23. Re1 Nd4 24. Nxd4 cxd4 25. Qd3 h5 26. f4 Rh6 27. Rb1 Rc6 28. Qf5 d3 29. Qg5 Rg6 0-1

[Event "Mecklenburg VP LL2 Ost 1213"]
[Site "Mecklenburg VP"]
[Date "2012.11.25"]
[Round "3.3"]
[White "Voigt, Michael"]
[Black "Schwahn, Christian"]
[Result "0-1"]
[WhiteElo "1700"]
[BlackElo "1942"]
[PlyCount "60"]
[EventDate "2012.10.14"]
[EventType "team-tourn"]
[EventRounds "9"]
[EventCountry "GER"]
[SourceTitle "EXT 2022"]
[Source "ChessBase"]
[SourceDate "2021.10.06"]
[SourceVersion "1"]
[SourceVersionDate "2021.10.06"]
[SourceQuality "1"]
[WhiteTeam "Neubrandenburg SV Turbine"]
[BlackTeam "Greifswald II"]
[WhiteTeamCountry "GER"]
[BlackTeamCountry "GER"]

1. c4 Nf6 2. Nf3 e6 3. b3 c5 4. Bb2 d5 5. e3 Nc6 6. d3 Bd6 7. Be2 0-0 8. 0-0 e5 9. Nbd2 d4 10. e4 Ne7 11. Ne1 Ng6 12. g3 Bh3 13. Ng2 Qd7 14. Nf3 h6 15. Nfe1 Nh7 16. Bh5 Ne7 17. Bc1 f5 18. Bf3 f4 19. gxf4 exf4 20. Kh1 g5 21. Rg1 Kh8 22. e5 Bxe5 23. Qe2 Bd6 24. Qe4 Nc6 25. Qg6 Ne5 26. Qe4 Nxf3 27. Nxf3 Rae8 28. Qg6 Rf6 29. Nxf4 Rxg6 30. Nxg6+ Kg7 0-1

[Event "Mecklenburg VP-ch"]
[Site "Greifswald"]
[Date "2011.10.30"]
[Round "5.3"]
[White "Schwahn, Christian"]
[Black "Roehl, Rainer"]
[Result "0-1"]
[WhiteElo "1992"]
[BlackElo "2169"]
[PlyCount "108"]
[EventDate "2011.10.28"]
[EventType "swiss"]
[EventRounds "7"]
[EventCountry "GER"]
[SourceTitle "EXT 2022"]
[Source "ChessBase"]
[SourceDate "2021.10.06"]
[SourceVersion "1"]
[SourceVersionDate "2021.10.06"]
[SourceQuality "1"]

1. e4 c5 2. Nf3 g6 3. d4 cxd4 4. Nxd4 Nc6 5. Nxc6 bxc6 6. Bd3 Bg7 7. 0-0 Nf6 8. c4 d6 9. Nc3 0-0 10. Qe2 Nd7 11. Be3 Ne5 12. Rac1 Qa5 13. b3 Nxc4 14. Bxc4 Bxc3 15. f4 Bg7 16. Bd3 Bd7 17. f5 Be5 18. Rf3 Kh8 19. Qf2 f6 20. fxg6 Rg8 21. gxh7 Rg7 22. Bf4 Rxh7 23. Rc4 Bxf4 24. Rxf4 Qh5 25. g3 Rg8 26. e5 Bh3 27. exf6 exf6 28. Be2 Qe5 29. Rh4 Qa1+ 30. Bf1 Bxf1 31. Rxh7+ Kxh7 32. Qxa7+ Kg6 33. Rg4+ Kh6 34. Rh4+ Kg5 35. Qe3+ Kg6 36. Qe4+ Kf7 37. Qh7+ Kf8 38. Qh6+ Kf7 39. Qh7+ Rg7 40. Qh5+ Rg6 41. Qh7+ Ke6 42. Re4+ Kd5 43. Qf7+ Kxe4 44. Qxg6+ Ke3 45. Qh6+ Ke2 46. Qh5+ Kd2 47. Qa5+ Kc2 48. Kf2 Bd3 49. Qa4 Qf1+ 50. Ke3 Qc1+ 51. Kf3 Qd1+ 52. Ke3 Qe2+ 53. Kf4 Qf2+ 54. Kg4 Qf5+ 0-1

[Event "Mecklenburg VP VL 1011"]
[Site "Mecklenburg VP"]
[Date "2011.03.20"]
[Round "8.1"]
[White "Zentgraf, Robert"]
[Black "Schwahn, Christian"]
[Result "1/2-1/2"]
[WhiteElo "2053"]
[BlackElo "1999"]
[PlyCount "113"]
[EventDate "2010.10.10"]
[EventType "team-tourn"]
[EventRounds "9"]
[EventCountry "GER"]
[SourceTitle "EXT 2022"]
[Source "ChessBase"]
[SourceDate "2021.10.06"]
[SourceVersion "1"]
[SourceVersionDate "2021.10.06"]
[SourceQuality "1"]
[WhiteTeam "Torgelow Droegeheide"]
[BlackTeam "Greifswald II"]
[WhiteTeamCountry "GER"]
[BlackTeamCountry "GER"]

1. e4 c5 2. Nf3 d6 3. d4 cxd4 4. Nxd4 Nf6 5. Nc3 a6 6. Be3 e5 7. Nb3 Be7 8. Be2 Nbd7 9. a4 0-0 10. 0-0 Nc5 11. Bf3 Be6 12. Nd2 Rc8 13. Qe2 Ncd7 14. Rfd1 Nb6 15. a5 Nc4 16. Nxc4 Rxc4 17. Nd5 Bxd5 18. exd5 Qc8 19. g3 Rxc2 20. Rd2 Rxd2 21. Qxd2 Qf5 22. Bg2 e4 23. Ra4 Rc8 24. Rb4 Bd8 25. Bb6 Bxb6 26. Rxb6 Nd7 27. Rxd6 Ne5 28. Qf4 Nf3+ 29. Bxf3 Qxf4 30. gxf4 exf3 31. h3 Kf8 32. Rb6 Rc5 33. Rxb7 Rxd5 34. b4 g5 35. f5 Kg7 36. Kh2 Rxf5 37. Rb6 Rf4 38. Rxa6 Rxb4 39. Kg3 Rf4 40. Rb6 h5 41. Rb3 h4+ 42. Kh2 Ra4 43. Rxf3 Rxa5 44. Rb3 Kg6 45. Kg2 Ra4 46. Rb5 f5 47. Rb6+ Kh5 48. Rb3 Rf4 49. f3 Kg6 50. Rb6+ Kf7 51. Rb7+ Kf6 52. Rb6+ Ke5 53. Rb5+ Kd4 54. Rb4+ Ke3 55. Rb5 Kd3 56. Rd5+ Ke3 57. Re5+ 1/2-1/2

[Event "Mecklenburg VP VL 1011"]
[Site "Mecklenburg VP"]
[Date "2011.01.23"]
[Round "6.2"]
[White "Schwahn, Christian"]
[Black "Kross, Gunnar"]
[Result "1-0"]
[WhiteElo "1999"]
[BlackElo "2039"]
[PlyCount "97"]
[EventDate "2010.10.10"]
[EventType "team-tourn"]
[EventRounds "9"]
[EventCountry "GER"]
[SourceTitle "EXT 2022"]
[Source "ChessBase"]
[SourceDate "2021.10.06"]
[SourceVersion "1"]
[SourceVersionDate "2021.10.06"]
[SourceQuality "1"]
[WhiteTeam "Greifswald II"]
[BlackTeam "Grevesmuehlen Blau Weiss"]
[WhiteTeamCountry "GER"]
[BlackTeamCountry "GER"]

1. e4 c6 2. Nc3 d5 3. Nf3 Bg4 4. h3 Bxf3 5. Qxf3 Nf6 6. d3 e6 7. g3 Nbd7 8. Bg2 Ne5 9. Qd1 d4 10. Nb1 Bb4+ 11. Bd2 Qb6 12. b3 g6 13. 0-0 Nh5 14. Kh2 0-0-0 15. Bxb4 Qxb4 16. Nd2 f5 17. f4 Nf7 18. e5 Ng7 19. a4 a5 20. Nc4 Kc7 21. Qe1 h5 22. Nxa5 Qxe1 23. Raxe1 h4 24. g4 g5 25. Nc4 fxg4 26. hxg4 h3 27. Bh1 Rh4 28. Re4 b5 29. axb5 cxb5 30. Ra1 Kb8 31. Ree1 bxc4 32. bxc4 Kc8 33. Reb1 Kd7 34. Rb7+ Ke8 35. Raa7 Nh6 36. Rxg7 Nxg4+ 37. Kg3 Nh6 38. Rge7+ Kf8 39. Rxe6 Nf5+ 40. Kh2 Rxf4 41. Rf6+ Kg8 42. Rg6+ Kf8 43. Rxg5 Ne7 44. Kxh3 Rf2 45. Be4 Rf7 46. Rh5 Rg7 47. Rh8+ Rg8 48. Rh7 Re8 49. Bc6 1-0